000 01242nam a2200241Ia 4500
003 Ost
005 20260507075333.0
008 260507s9999||||xx |||||||||||||| ||und||
020 _a9789957477905
040 _cfsecg
041 _aara
082 _a330
100 _aارشيد، محمود عبد الكريم
_eمؤلف
245 0 _aالقوى البشرية في المصارف الاسلامية :
_bبين الواقع و المثالية /
_c محمود عبد الكريم ارشيد
260 _aعمان:
_bدار النفائس,
_c2010
300 _a248 صفحة؛
_c24 سم
504 _aملاحق ص.179
520 _aادرة القوى البشرية و المبادئ الحاكمة لها في الصيرة الاسلامية ، تنمية القوى البشرية و أنشطة العاملين الاداريين في المصرف الاسلامي و اختيار العاملين و المشاكل التي تواجههم في هذه المصارف ، أخلاقيات العاملين في المصارف الاسلامية
653 _aإدارة الأفراد
653 _aالبنوك الاسلامية
653 _aالبنوك الاسلامية ـ القوى العاملة
942 _cكتاب
999 _c44027
_d44027